<?xml version="1.0" encoding="UTF-8"?>
<record
    xmlns:xsi="http://www.w3.org/2001/XMLSchema-instance"
    xsi:schemaLocation="http://www.loc.gov/MARC21/slim http://www.loc.gov/standards/marcxml/schema/MARC21slim.xsd"
    xmlns="http://www.loc.gov/MARC21/slim">

  <leader>04720nam a2200373 i 4500</leader>
  <controlfield tag="001">000028464</controlfield>
  <controlfield tag="003">DO-SdBNP</controlfield>
  <controlfield tag="005">20260220134910.0</controlfield>
  <controlfield tag="007">ta</controlfield>
  <controlfield tag="008">110408s2010    dr ab         001 0 spa d</controlfield>
  <datafield tag="020" ind1=" " ind2=" ">
    <subfield code="a">9789993467618</subfield>
  </datafield>
  <datafield tag="040" ind1=" " ind2=" ">
    <subfield code="a">DO-SdBNP</subfield>
    <subfield code="b">spa</subfield>
    <subfield code="c">BNPHU</subfield>
    <subfield code="e">rda</subfield>
  </datafield>
  <datafield tag="041" ind1=" " ind2=" ">
    <subfield code="a">spa</subfield>
  </datafield>
  <datafield tag="082" ind1=" " ind2="4">
    <subfield code="a">880.38</subfield>
    <subfield code="b">B828a 2010</subfield>
    <subfield code="2">22</subfield>
  </datafield>
  <datafield tag="100" ind1="1" ind2=" ">
    <subfield code="a">Nu&#xF1;ez Polanco, Di&#xF3;medes</subfield>
    <subfield code="d">1952-</subfield>
    <subfield code="9">83559</subfield>
    <subfield code="e">autor</subfield>
    <subfield code="4">aut.</subfield>
  </datafield>
  <datafield tag="245" ind1="1" ind2="0">
    <subfield code="a">Antolog&#xED;a del pensamiento hel&#xE9;nico /</subfield>
    <subfield code="c">Luis O. Brea Franco, presentaci&#xF3;n, Jos&#xE9; Henr&#xED;quez Alm&#xE1;nzar.</subfield>
  </datafield>
  <datafield tag="250" ind1=" " ind2=" ">
    <subfield code="a">Segunda edici&#xF3;n </subfield>
  </datafield>
  <datafield tag="264" ind1=" " ind2=" ">
    <subfield code="a">Santo Domingo, Rep&#xFA;blica Dominicana :</subfield>
    <subfield code="b">Editora B&#xFA;ho,</subfield>
    <subfield code="c">2010.</subfield>
  </datafield>
  <datafield tag="300" ind1=" " ind2=" ">
    <subfield code="a">462 p&#xE1;ginas :</subfield>
    <subfield code="b">ilustraciones, mapas ;</subfield>
    <subfield code="c">23 cm.</subfield>
  </datafield>
  <datafield tag="336" ind1=" " ind2=" ">
    <subfield code="a">texto</subfield>
    <subfield code="b">txt</subfield>
    <subfield code="2">rdacontent</subfield>
  </datafield>
  <datafield tag="337" ind1=" " ind2=" ">
    <subfield code="a">sin mediaci&#xF3;n </subfield>
    <subfield code="b">n</subfield>
    <subfield code="2">rdamedia</subfield>
  </datafield>
  <datafield tag="338" ind1=" " ind2=" ">
    <subfield code="a">volumen </subfield>
    <subfield code="b">nc</subfield>
    <subfield code="2">rdacarrier</subfield>
  </datafield>
  <datafield tag="500" ind1=" " ind2=" ">
    <subfield code="a">Incluye notas al pie de las p&#xE1;ginas e &#xED;ndice onom&#xE1;stico.</subfield>
  </datafield>
  <datafield tag="500" ind1=" " ind2=" ">
    <subfield code="a">Incluye &#xED;ndice onom&#xE1;stico</subfield>
  </datafield>
  <datafield tag="505" ind1=" " ind2=" ">
    <subfield code="a">Ep&#xED;grafe p&#xE1;gina, 13 --  A Manera de P&#xF3;rtico, Le&#xF3;n David, 15  -- Acogida al Lector, 21 -- Presentaci&#xF3;n de la primera edici&#xF3;n, Jos&#xE9; Henr&#xED;quez Alm&#xE1;nzar, 35 -- Cap&#xED;tulo 1 / Las primeras Voces, 39 -- Homero, 39 -- Hes&#xED;odo, 42 -- Capitulo 11 --  El hombre sensible, 51 -- Fragmentos de L&#xED;rica popular, 51 --  Alem&#xE1;n, 52 -- Tirteo, 52 /--Arqu&#xED;loco, 52 -- Sol&#xF3;n, 54 -- Estes&#xED;coro, 54 -- Ibico, 54 -- Jenofanes, 54 --  Simonides, 54 --  Alceo, 56  -- Safo, 57 -- Anacreonte, 59 -- P&#xED;ndaro, 60 -- Baqu&#xED;lides, 64 --  Praxila de Sici&#xF3;n, 66 -- Cap&#xED;tulo 111 -- El origen de la filosof&#xED;a, 67 -- Milesios, 67 -- Her&#xE1;clito de &#xC9;feso, 67 -- Parm&#xE9;nides, 70 -- Pit&#xE1;goras, 73 -- Cap&#xED;tulo 1V -- La cuesti&#xF3;n en torno al hombre, 77 -- Esquilo, 77 -- S&#xF3;focles, 83 -- Eur&#xED;pides, 92 -- Tuc&#xED;dides, 100 -- Prot&#xE1;goras de Abdera, 111 -- Gorgias, 113-- Pr&#xF3;dicos de Ceos, 116 -- Arist&#xF3;fanes, 116 / S&#xF3;crates, 121 -- Cap&#xED;tulo V/ &#x201C;En busca del Centro Divino&#x201D;, 141 -- La cuesti&#xF3;n de la permanencia y el movimiento, 141 -- La experiencia de Plat&#xF3;n, 143 -- La figura del fil&#xF3;sofo, 152 -- La dial&#xE9;ctica, 156 -- La iniciaci&#xF3;n del fil&#xF3;sofo, 159 -- El fil&#xF3;sofo y la muerte, 170 / El bien, 194 -- La caverna, 201 -- El compromiso pol&#xED;tico del fil&#xF3;sofo, 205 -- La esencia del alma, 206 -- El cuidado del cuerpo y del alma, 219 -- Cap&#xED;tulo V1 --  La Culminaci&#xF3;n de la filosof&#xED;a, 227 -- El origen y los grados del saber, 227 -- Consideraciones sobre la investigaci&#xF3;n de la verdad, 231 -- El planteamiento del problema: origen del m&#xE9;todo, 232 -- Las categor&#xED;as, 233 -- La definici&#xF3;n de la nociones fundamentales, 233 / Las sustancias, 256 / El principio de no-contradicci&#xF3;n, 257 -- El objeto de la filosof&#xED;a, 260 -- La sustancia como principal sentido del &#x201C;Ente&#x201D;, 264 -- Necesidad de un primer motor eterno, 267 -- Naturaleza del Intelecto divino, 270 --  Inmanencia y trascendencia del Bien, 271 -- Las ciencias te&#xF3;ricas, 273 -- La naturaleza (physis), 275 -- La esencia del movimiento, 277 -- Las condiciones del devenir, 279 -- El alma, 283 / El hombre: animal social, 283 -- La vida m&#xE1;s deseable, 286 --  El ambiente para la educaci&#xF3;n, 287 -- La b&#xFA;squeda de la naturaleza del bien humano, 287 -- La virtud se origina en la costumbre, 293 -- La magnanimidad, 294 -- An&#xE1;lisis de la disposici&#xF3;n del alma racional, 298 -- Sobre la amistad, 304 -- En torno a la esencia del placer, 307 -- La esencia de la felicidad, 309 -- Cap&#xED;tulo V11 -- El Surgimiento de la &#x201C;Episteme&#x201D;, 313 -- Zen&#xF3;n de Elea, 313 --Emp&#xE9;docles de Acragas, 315 -- Anax&#xE1;goras de Clazomenes, 317 -- Los atomistas, 320 -- Hip&#xF3;crates, 324 / Teofrasto, 327 -- Prolomeo, 328 -- Proclo de Licias, 329 --Cap&#xED;tulo V111 -- El Helenismo, 337 -- Epicuro, 337 -- Plotino, 340 -- Ap&#xE9;ndices, 351-- Mapa de Grecia, 351 -- Plano de Atenas, 352 -- Tabla cronol&#xF3;gica, 353 --L&#xE9;xico filos&#xF3;fico griego, 358 -- Bibliograf&#xED;a b&#xE1;sica, 394 -- Epilogo, 423 -- El asombro como actitud, 423 -- Juicios Cr&#xED;ticos, 437 -- Presentaci&#xF3;n de la Antolog&#xED;a M&#xED;nima del pensamiento Hel&#xE9;nico, por Manuel Rueda, 438 --  Antolog&#xED;a del pensamiento: una selecci&#xF3;n panor&#xE1;mica y ordenada, por Mar&#xED;a Del Carmen Prodoscimi, 439 --Antolog&#xED;a del Pensamiento Hel&#xE9;nico de Luis Brea Franco por Mariano Lebr&#xF3;n Savi&#xF1;&#xF3;n, 442 -- Antolog&#xED;a del Pensamiento Hel&#xE9;nico de Luis Brea Franco Por Francisco Comarazamy, 448 </subfield>
  </datafield>
  <datafield tag="590" ind1=" " ind2=" ">
    <subfield code="a">Inventariado, 2023/BT</subfield>
  </datafield>
  <datafield tag="650" ind1=" " ind2="4">
    <subfield code="a">Helenismo</subfield>
    <subfield code="x">Ensayos, conferencias, etc.</subfield>
    <subfield code="9">36162</subfield>
  </datafield>
  <datafield tag="650" ind1=" " ind2="4">
    <subfield code="a">Civilizaci&#xF3;n griega</subfield>
    <subfield code="9">36163</subfield>
  </datafield>
  <datafield tag="650" ind1=" " ind2="4">
    <subfield code="a">Filosog&#xED;a griega</subfield>
    <subfield code="9">36164</subfield>
  </datafield>
  <datafield tag="650" ind1=" " ind2="4">
    <subfield code="a">Literatura griega</subfield>
    <subfield code="x">Historia y cr&#xED;tica</subfield>
    <subfield code="9">28930</subfield>
  </datafield>
  <datafield tag="700" ind1="1" ind2=" ">
    <subfield code="a">Henr&#xED;quez Alm&#xE1;nzar, Jos&#xE9;,</subfield>
    <subfield code="e">presentador</subfield>
    <subfield code="9">36165</subfield>
    <subfield code="4">present.</subfield>
  </datafield>
  <datafield tag="910" ind1=" " ind2=" ">
    <subfield code="a">Validado. Control de calidad EMS</subfield>
  </datafield>
  <datafield tag="942" ind1=" " ind2=" ">
    <subfield code="2">ddc</subfield>
    <subfield code="c">LBS1</subfield>
  </datafield>
  <datafield tag="952" ind1=" " ind2=" ">
    <subfield code="0">0</subfield>
    <subfield code="1">0</subfield>
    <subfield code="2">ddc</subfield>
    <subfield code="5">6</subfield>
    <subfield code="7">0</subfield>
    <subfield code="8">DS</subfield>
    <subfield code="a">BNPHU</subfield>
    <subfield code="b">BNPHU</subfield>
    <subfield code="c">HD</subfield>
    <subfield code="d">2011-04-13</subfield>
    <subfield code="o">BNPHU DS 880.38 B828a 2010</subfield>
    <subfield code="p">28464-30</subfield>
    <subfield code="r">2020-06-25</subfield>
    <subfield code="t">e.3</subfield>
    <subfield code="w">2020-06-25</subfield>
    <subfield code="y">LBS1</subfield>
  </datafield>
  <datafield tag="952" ind1=" " ind2=" ">
    <subfield code="0">0</subfield>
    <subfield code="1">0</subfield>
    <subfield code="2">ddc</subfield>
    <subfield code="5">1</subfield>
    <subfield code="7">0</subfield>
    <subfield code="8">PD</subfield>
    <subfield code="a">BNPHU</subfield>
    <subfield code="b">BNPHU</subfield>
    <subfield code="c">HD</subfield>
    <subfield code="d">2011-04-08</subfield>
    <subfield code="o">BNPHU PD 880.38 B828a 2010</subfield>
    <subfield code="p">28464-10</subfield>
    <subfield code="r">2020-06-25</subfield>
    <subfield code="w">2020-06-25</subfield>
    <subfield code="y">LBS1</subfield>
  </datafield>
  <datafield tag="952" ind1=" " ind2=" ">
    <subfield code="0">0</subfield>
    <subfield code="1">0</subfield>
    <subfield code="2">ddc</subfield>
    <subfield code="5">1</subfield>
    <subfield code="7">0</subfield>
    <subfield code="8">PD</subfield>
    <subfield code="a">BNPHU</subfield>
    <subfield code="b">BNPHU</subfield>
    <subfield code="c">HD</subfield>
    <subfield code="d">2011-04-08</subfield>
    <subfield code="o">BNPHU PD 880.38 B828a 2010</subfield>
    <subfield code="p">28464-20</subfield>
    <subfield code="r">2020-06-25</subfield>
    <subfield code="t">e.2</subfield>
    <subfield code="w">2020-06-25</subfield>
    <subfield code="y">LBS1</subfield>
  </datafield>
  <datafield tag="952" ind1=" " ind2=" ">
    <subfield code="0">0</subfield>
    <subfield code="1">0</subfield>
    <subfield code="2">ddc</subfield>
    <subfield code="5">6</subfield>
    <subfield code="7">0</subfield>
    <subfield code="8">DS</subfield>
    <subfield code="a">BNPHU</subfield>
    <subfield code="b">BNPHU</subfield>
    <subfield code="c">HD</subfield>
    <subfield code="d">2023-01-16</subfield>
    <subfield code="e">Compra</subfield>
    <subfield code="o">BNPHU DS 880.38 B828a 2010</subfield>
    <subfield code="p">2023-0161</subfield>
    <subfield code="r">2023-01-16</subfield>
    <subfield code="t">e.4</subfield>
    <subfield code="w">2023-01-16</subfield>
    <subfield code="y">LBS1</subfield>
  </datafield>
  <datafield tag="999" ind1=" " ind2=" ">
    <subfield code="c">27956</subfield>
    <subfield code="d">27956</subfield>
  </datafield>
</record>
